Improve controls in conservation areas (Record no. 63863)

MARC details
000 -LEADER
fixed length control field 00867cam a2200205 4500
001 - CONTROL NUMBER
control field WB3624-04
008 - FIXED-LENGTH DATA ELEMENTS--GENERAL INFORMATION
fixed length control field 000000n2000 000 0 eng u
035 ## - SYSTEM CONTROL NUMBER
System control number (Sirsi) u106676
245 ## - TITLE STATEMENT
Title Improve controls in conservation areas
260 ## - PUBLICATION, DISTRIBUTION, ETC.
Date of publication, distribution, etc. 2000
490 ## - SERIES STATEMENT
Series statement DETR Press Release
Volume/sequential designation (422) 19 June 2000, (2)
520 ## - SUMMARY, ETC.
Summary, etc. Government is consulting on proposals to strengthen controls over works of partial demolition in conservation areas. This follows a House of Lords judgment in "Shimizu (UK) Ltd v Westminister City Council" in 1997. Available on www.planning.detr.gov.uk Comments by 14 August 2000.
590 ## - LOCAL NOTE (RLIN)
Local note WB
650 ## - SUBJECT ADDED ENTRY--TOPICAL TERM
Topical term or geographic name entry element CONSERVATION AREAS
650 ## - SUBJECT ADDED ENTRY--TOPICAL TERM
Topical term or geographic name entry element DEMOLITION
650 ## - SUBJECT ADDED ENTRY--TOPICAL TERM
Topical term or geographic name entry element PLANNING PERMISSION
650 ## - SUBJECT ADDED ENTRY--TOPICAL TERM
Topical term or geographic name entry element SHIMIZU V WESTMINSTER CC
690 ## - LOCAL SUBJECT ADDED ENTRY--TOPICAL TERM (OCLC, RLIN)
Topical term or geographic name as entry element BUILT ENVIRONMENT-BUILDING MAINTENANCE AND REFURBISHMENT-BUILDING CONSERVATION
942 ## - ADDED ENTRY ELEMENTS (KOHA)
Suppress in OPAC 0
Holdings
Withdrawn status Lost status Source of classification or shelving scheme Damaged status Not for loan Home library Current library Shelving location Date acquired Total Checkouts Full call number Barcode Date last seen Copy number Price effective from Koha item type
    Dewey Decimal Classification     London London News article 22/06/2000   WB3624-04 106676-1001 06/08/2019 1 06/08/2019 News article